| 000 | 00866nam a2200217 a 4500 | ||
|---|---|---|---|
| 999 |
_c7438 _d7438 |
||
| 003 | OSt | ||
| 005 | 20211124135322.0 | ||
| 008 | 070619s2006 sp a c 000 0 spa c | ||
| 017 | _aDL GI. 639-2006 | ||
| 020 | _a846113513X | ||
| 040 |
_bcat _cCDMR |
||
| 245 | 0 | 0 |
_aDibuixants, humoristes i il·lustradors de La Vanguardia 1881-2006 : _bexposició commemorativa del 125è aniversari de La Vanguardia : del 18 de gener a l'11 de març de 2007 / _c[textos: Arcadi Calzada ... [et al.]] |
| 260 |
_a[Girona] : _bFundació Caixa Girona, _cDL 2006 |
||
| 300 |
_a207 p. : _bil. principalment col. ; _c31 cm |
||
| 630 | 0 | 4 | _aVanguardia (Diari) |
| 650 | 0 | 0 |
_aDibuixants _zCatalunya _xExposicions _93384 |
| 650 | 0 | 0 |
_aHumorisme gràfic _zCatalunya _xHistòria _93162 |
| 650 | 0 | 0 |
_aDiaris _zCatalunya _xHistòria _93117 |
| 700 | 1 | _aCalzada i Salavedra, Arcadi | |
| 942 |
_2udc _cMON |
||